000 00327nam a22001457a 4500
008 210602b ||||| |||| 00| 0 eng d
020 _a9780205744121
041 _aeng
080 _25th
_a004
082 _a004
100 _a28
101 _aSHKI
245 _aThe new Century Handbook
_cChristine A. Hult
942 _2udc
_cBK
999 _c57917
_d57917